| 000 | 00478nam a2200193Ia 4500 | ||
|---|---|---|---|
| 005 | 20250603145327.0 | ||
| 008 | 250603s9999 xx 000 0 und d | ||
| 020 | _a9788123922508 | ||
| 050 | _aP 90 .H37/ | ||
| 100 | _aHasan. Seema | ||
| 245 | 0 | _aMass communication: principles and concepts | |
| 250 | _a2nd ed. | ||
| 260 | _aNew Delhi | ||
| 260 | _bCBS Publishers and Distributors Pvt Ltd. | ||
| 260 | _c2021 | ||
| 300 | _a844 p | ||
| 650 | _aNew Delhi | ||
| 942 | _cBK | ||
| 999 |
_c41533 _d41533 |
||